| 000 | 00652nam a2200205 a 4500 | ||
|---|---|---|---|
| 001 | 000026847 | ||
| 005 | 20200930030439.0 | ||
| 008 | 110325s1993 ck a 000 0 spa d | ||
| 020 | _a9789583002199 | ||
| 040 |
_aDO-SdBNP _bspa _cBNPHU |
||
| 082 |
_aAr861.2 _bH557m |
||
| 100 | 1 |
_aHernández, José, _d1834-1886 _916699 |
|
| 245 | 1 | 3 |
_aMartín Fierro / _cJosé Hernández. |
| 260 |
_aColombia : _bPanamericana, _c1993. |
||
| 300 |
_a242 p. : _bil. ; _c21 cm. |
||
| 500 | _aLa biblioteca posee la septima reimpresión del 2007 | ||
| 650 | 4 |
_aPoesía argentina _93859 |
|
| 650 | 4 |
_aLiteratura argentina _93860 |
|
| 910 | _aValidado. Control de calidad MFF | ||
| 999 |
_c26339 _d26339 |
||